000 00506nam a2200181 a 4500
005 20240315063641.0
008 991125s1928 mad 000 0 spa u
035 _aUPN01000027985
049 _aCG
050 4 _aPN593 R6.4
_b1928
100 1 _aRogerio Sánchez, José
245 1 0 _aHistoria de la lengua y literatura españolas /
_cJosé Rogerio
260 _aMadrid :
_bHernando,
_c1928
300 _a655 p.
650 4 _aEspañol
_xEstudio y enseñanza
_97357
904 _aAC
_b027986
905 _aLibro
999 _c27985
_d27985